01123nam a22001577a 4500008004100000020001800041050001600059100001800075245008300093250001200176260003900188300003000227500002000257505067300277700001500950170609b xxu||||| |||| 00| 0 eng d a9780815344537 aQH581.2.M64 aWilson, John. aMolecular biology of the cell: the problems book. /cJohn Wilson and Tim Hunt. a6th ed. aNew York:bGarland Science,c2015. axvi, 966p.:bill.;c28cm. aIncludes index. aContents: Cells and genomes -- Cell chemistry and bioenergetics -- Proteins -- DNA, chromosomes, and genomes -- DNA replication, repair, and recombination -- How cells read the genome: from DNA to protein -- Control of gene expression -- Analyzing cells, molecules, and systems -- Visualizing cells -- Membrane structure -- Membrane transport of small molecules and the electrical properties of membranes -- Intracellular compartments and protein sorting -- Intracellular membrane traffic -- Energy conversion: mitochondria and chloroplasts -- Cell signaling -- The Cytoskeleton -- The Cell cycle -- Cell death -- Cell junctions and the extracellular matrix -- Cancer. aHunt, Tim.